Click the Justice Title Ending - Statistics

General Stats
  • This quiz has been taken 11 times
    9 since last reset
  • The average score is 17 of 20
Answer Stats
Hint Extra Hint Answer % Correct
Audio, Video, Audio, Video, Disco Disco
100%
We Are Your Self-titled single Friends
100%
Heavy Woman Metal
100%
On'n' Audio, Video, Disco On
100%
Safe and Woman Sound
100%
Dear Hyperdrama Alan
86%
Close Woman Call
86%
Let There Be † (Cross) Light
86%
Muscle Hyperdrama Memory
86%
One Minute to † (Cross) Midnight
86%
Waters of † (Cross) Nazareth
86%
Tthhee † (Cross) Ppaarrttyy
86%
Harpy Hyperdrama Dream
71%
The Hyperdrama End
71%
New Audio, Video, Disco Lands
71%
Mannequin Hyperdrama Love
71%
Canon Audio, Video, Disco Primo
71%
Phantom † (Cross) Pt. II
71%
Moonlight Hyperdrama Rendez-vous
71%
Love Woman S.O.S
57%
No matching quizzes found
Score Distribution
Percent of People with Each Score
Percentile by Number Answered
Your Score History
You have not taken this quiz since the last reset